000 00276nam a2200133Ia 4500
100 _aUmarani/G.G & Other
942 _cBK
654 _aPhysics
245 _aApplied Physics
260 _bNirali prakashan
_aPune
_c1984
082 _a530
300 _a270
546 _aENGLISH
999 _c35073
_d35073